000 00543nam a22001817a 4500
005 20251108172220.0
008 250721s1999 xx 000 0 ara d
082 1 4 _aم/029.7/حمو
100 1 _aحموده، محمود عباس
245 1 0 _aالمدخل إلى دراسة الوثائق العربية /
264 1 _aالقاهره :
_bمكتبة غريب،
_c1999.
300 _a766ص
650 1 7 _aالتوثيق
650 1 7 _aالوثائق العربية
650 1 7 _aالمخطوطات
942 _2ddc
_cREF
999 _c73337
_d73337